000 00869cab a2200265 4500
001 WB3501-61
008 090401t1998 xxu||||| |||| 00| 0 eng d
035 _a(Sirsi) u90479
041 _aeng
245 _aControlling nitrate from farmland
260 _c1998
350 _a0
490 _aMAFF News Release
_v(491) 18 December 1998
490 _aYorkshire Post
_v24 December 1998, 12(3)
520 _aStatutory measures to reduce the levels of nitrate leaching from farmland into rivers and waterways came into force on 19 December 1998. Guidance literature is available from MAFF Regional Service Centres.
650 _aLEACHING
650 _aMAFF
650 _aNITRATE DIRECTIVE
650 _aNITRATE POLLUTION
650 _aNITRATE VULNERABLE ZONES
650 _aRIVER POLLUTION
690 _aRURAL PRACTICE
942 _n0
948 _c23/12/1998
999 _c57369
_d57369